000 01196na a2200277 4500
001 22817
003 MIRAKIL
005 20181213155237.0
008 170226b tu 000 0
040 _aMilas
_btur
_cTR-AnCHP
041 _atur
082 _aCHP 327.106
_bC36y [t.y.]
090 _aCHP 327.106 C36y [t.y.]
091 _aDIŞ POLİTİKA -3- AB
110 _aCumhuriyet Halk Partisi (CHP)
_bBilim Yönetim ve Kültür Platformu (BYKP)
_bDış İlişkiler ve Yurtdışı Örgütlenmeleri Genel Başkan Yardımcılığı
222 _aAB temsilciliği raporları
245 _aYurtdışı seçim çevresi
_badil bir seçim sistemine doğru
_cCumhuriyet Halk Partisi Bilim Yönetim Kültür Platformu Dış İlişkiler ve Yurtdışı Örgütlenmeleri Genel Başkan Yardımcılığı
300 _a4
_c30 sm.
440 _aCumhuriyet Halk Partisi yayınları
_pBroşürler
610 _aCHP
_xYurtdışı temsilcilikleri
_yRaporlar
610 _aCHP
_xSeçimler
_zYurtdışında yaşayan Türkler
650 _aYurtdışında yaşayan Türkler
_xSeçimler
650 _aCumhurbaşkanı seçimleri
_xDış temsilcilikler
942 _2ddc
_cBKS
999 _c9170
_d9170